Statistiques concernant Tout le Monde veut prendre sa place: Top10 Champions

Cliquez ici pour prendre le quiz!

Statistiques générales

  • Ce quiz a été pris 52 fois
  • Le résultat moyen est 5 sur 10

Statistiques - réponses

Réponse% Correct
Julien
75%
Marie-Christine
70%
Dominique
68%
Christophe
64%
Mathieu
52%
Françoise
50%
Stéphane
41%
Jean-Michel
39%
Lionel
34%
Enzo
32%

Distribution des résultats

Percentile par nombre de réponses

% des personnes avec chaque résultat

Votre développement - résultats

Vous n’avez pas pris ce quiz